Statistics for Neighboring Countries with Same Letter Capitals

Click here to take the quiz!

General Stats

  • This quiz has been taken 870 times
    (821 since last reset)
  • The average score is 32 of 47

Answer Stats

Country% Correct
Brazil
90%
Colombia
86%
Germany
86%
Argentina
85%
Hungary
84%
Romania
83%
D. R. Congo
82%
Russia
82%
Serbia
82%
Switzerland
82%
Belgium
81%
Bolivia
80%
Slovakia
80%
Chile
77%
Peru
77%
Niger
75%
China
74%
Rwanda
74%
Uganda
74%
Belarus
73%
Republic of the Congo
72%
Chad
70%
Central African Republic
65%
Greece
65%
Zambia
65%
Angola
64%
Turkey
64%
France
63%
Ethiopia
62%
Bulgaria
60%
India
60%
Suriname
60%
Eritrea
58%
Malawi
58%
North Macedonia
57%
Kosovo
55%
Mozambique
55%
Montenegro
54%
Austria
53%
Kyrgyzstan
53%
Libya
51%
Myanmar
51%
Liechtenstein
49%
Tunisia
49%
Eswatini
47%
Kazakhstan
44%
Turkmenistan
40%

Score Distribution

Percentile by Number Answered

Percent of People with Each Score

Your Score History

You have not taken this quiz since the last reset